Lễ cưới của người Si La ở Lai Châu
Giới thiệu quan niệm của người I la ở Lai Châu về tục cưới hỏi. Diễn trình lễ cưới hỏi, trang phục, ẩm thực trong đám cưới.
Uloženo v:
| Hlavní autor: | |
|---|---|
| Médium: | Kniha |
| Jazyk: | Undetermined |
| Vydáno: |
Hà Nội
Hội Nhà văn
2019
|
| Témata: | |
| Tagy: |
Přidat tag
Žádné tagy, Buďte první, kdo otaguje tento záznam!
|
| Thư viện lưu trữ: | Trung tâm Học liệu Trường Đại học Cần Thơ |
|---|
| LEADER | 00838nam a2200205Ia 4500 | ||
|---|---|---|---|
| 001 | CTU_236842 | ||
| 008 | 210402s9999 xx 000 0 und d | ||
| 082 | |a 392.509597 | ||
| 082 | |b Qu609 | ||
| 100 | |a Đoàn, Trúc Quỳnh | ||
| 245 | 0 | |a Lễ cưới của người Si La ở Lai Châu | |
| 245 | 0 | |c Đoàn Trúc Quỳnh | |
| 260 | |a Hà Nội | ||
| 260 | |b Hội Nhà văn | ||
| 260 | |c 2019 | ||
| 520 | |a Giới thiệu quan niệm của người I la ở Lai Châu về tục cưới hỏi. Diễn trình lễ cưới hỏi, trang phục, ẩm thực trong đám cưới. | ||
| 650 | |a Marriage customs and rites,Nghi thức và phong tục hôn nhân | ||
| 650 | |z Vietnam,Việt Nam | ||
| 910 | |b dqhieu | ||
| 980 | |a Trung tâm Học liệu Trường Đại học Cần Thơ | ||